Fundamentals of weather and climate / (Record no. 8927)

MARC details
000 -LEADER
fixed length control field 00749pam a2200229 a 4500
001 - CONTROL NUMBER
control field 015380157
003 - CONTROL NUMBER IDENTIFIER
control field Uk
005 - DATE AND TIME OF LATEST TRANSACTION
control field 20220407110506.0
008 - FIXED-LENGTH DATA ELEMENTS--GENERAL INFORMATION
fixed length control field 110129s2010 enka b 001 0 eng
020 ## - INTERNATIONAL STANDARD BOOK NUMBER
International Standard Book Number 9780199215423
082 04 - DEWEY DECIMAL CLASSIFICATION NUMBER
Classification number 551.6 MCI 2010
100 1# - MAIN ENTRY--PERSONAL NAME
Personal name McIlveen, Robin
245 10 - TITLE STATEMENT
Title Fundamentals of weather and climate /
Statement of responsibility, etc. Robin McIlveen.
250 ## - EDITION STATEMENT
Edition statement 2nd ed.
260 ## - PUBLICATION, DISTRIBUTION, ETC.
Place of publication, distribution, etc. Oxford :
Name of publisher, distributor, etc. Oxford University Press,
Date of publication, distribution, etc. 2010.
300 ## - PHYSICAL DESCRIPTION
Extent xxv, 632 p. :
Other physical details ill. ;
Dimensions 25 cm.
500 ## - GENERAL NOTE
General note Originally published in 1986 as Basic meteorology: a physical outline, 1st ed. of this title 1992.
504 ## - BIBLIOGRAPHY, ETC. NOTE
Bibliography, etc. note Includes bibliographical references (p. [619]-623) and index.
650 #0 - SUBJECT ADDED ENTRY--TOPICAL TERM
Topical term or geographic name entry element Meteorology.
Topical term or geographic name entry element Atmospheric physics.
942 ## - ADDED ENTRY ELEMENTS (KOHA)
Source of classification or shelving scheme Dewey Decimal Classification
Koha item type Main
Holdings
Withdrawn status Lost status Source of classification or shelving scheme Damaged status Not for loan Collection code Home library Current library Shelving location Date acquired Cost, normal purchase price Serial Enumeration / chronology Total Renewals Full call number Barcode Date last seen Price effective from Koha item type
    Dewey Decimal Classification     Main TEST RTC Library RTC Library Main opac 07/04/2022 2155.00 16292 1 551.6 MCI 2010 30015068 12/09/2022 07/04/2022 Main
Royal Thimphu College || All Right Reserved